000 00543nam a2200193Ia 4500
005 20250508152710.0
008 008 250505s9999 xx 000 0 eng d
037 _aTextual
040 _aFEDL
_beng
_cFEDL
041 _aeng
_2eng
084 _a330, ROS
_qFEDL
100 _aRostow Eugene V.
245 0 _aPlanning for freedom: The public law of American capitalism
260 _aNew Haven
_bYale University Press
_c1960
300 _ax,437p
650 _aEconomics
942 _cTEXL
_h330, ROS
999 _c1338125
_d1338125